00676nam a2200205 a 450000100100000000500170001000800410002704000250006808200150009310000290010824000150013724500690015225000110022126000450023230000210027770000330029804900090033195201130034099900170045300002630620200930024459.0110310s1996 dr 000 0 spa d aDO-SdBNPbspacBNPHU axxxbF487p1 aFillmore, Charles95333710aProsperity10aProsperidad /cCharles Fillmore ; traducción de Luis Molinary. a5a ed. aSanto Domingo :bAmigo del Hogar,c1996. a207 p. ;c19 cm.1 aMolinary, Luisetrad.950929 aBNPD 0010718PDaPDbPDcCTd2011-03-10iLF1l0oxxx F487pp26306-10r2020-06-25w2020-06-25yLFPDZNo se presta c25798d25798